The Children's Atlas of the World / (Record no. 615145)
[ view plain ]
| 000 -LEADER | |
|---|---|
| fixed length control field | 00351nam a22001337a 4500 |
| 003 - CONTROL NUMBER IDENTIFIER | |
| control field | NUST |
| 020 ## - INTERNATIONAL STANDARD BOOK NUMBER | |
| International Standard Book Number | 1858300991 |
| 082 ## - DEWEY DECIMAL CLASSIFICATION NUMBER | |
| Classification number | 808.8992,BRE |
| 100 ## - MAIN ENTRY--PERSONAL NAME | |
| Personal name | Brendon, Stuart |
| 9 (RLIN) | 131087 |
| 245 ## - TITLE STATEMENT | |
| Title | The Children's Atlas of the World / |
| Statement of responsibility, etc. | Stuart Brendon |
| 260 ## - PUBLICATION, DISTRIBUTION, ETC. | |
| Place of publication, distribution, etc. | U.K |
| Name of publisher, distributor, etc. | Grandreams Limited |
| Date of publication, distribution, etc. | 1996 |
| 650 ## - SUBJECT ADDED ENTRY--TOPICAL TERM | |
| Topical term or geographic name entry element | Atlas of the World |
| 9 (RLIN) | 131089 |
| 942 ## - ADDED ENTRY ELEMENTS (KOHA) | |
| Source of classification or shelving scheme | |
| Koha item type | Book |
| Withdrawn status | Lost status | Source of classification or shelving scheme | Damaged status | Not for loan | Permanent Location | Current Location | Shelving location | Date acquired | Full call number | Barcode | Date last seen | Price effective from | Koha item type | Public note |
|---|---|---|---|---|---|---|---|---|---|---|---|---|---|---|
| Military College of Signals (MCS) | Military College of Signals (MCS) | General Stacks | 10/09/2025 | 808.8992,BRE | MCS2067 | 10/09/2025 | 10/09/2025 | Book | Almirah No.76, Shelf No.3 |
